000
00288nam a22001337a 4500
008
180914b xxu||||| |||| 00| 0 eng d
020
_a
9780465020478
041
_a
eng
080
_a
616.8
100
_a
7
101
_a
TRU
245
_a
tHE rEVENOUS Brain
_c
Bor.D
942
_2
udc
_c
BK
999
_c
47744
_d
47744